000 00407nam a2200145Ia 4500
008 230917s9999||||xx |||||||||||||| ||und||
040 _e31693
_aMAIN
041 _aEnglish
082 _a515.353 W48A
100 _aWen, Guo Chun
245 0 _aApproximate methods and numerical analysis for Elliptic complex equations
260 _aNew York
_bGordon and Breach
_c199
300 _axii, 235 p.
942 _cBK
999 _c104125
_d104125